00940nam a2200265Ia 450000500170000000800410001702000180005810000390007624501240011525000180023930000250025749000630028253400290034565000360037465000400041070000370045094200150048726400230050233600270052533700330055233800280058504000350061308400110064899900150065920220317001542.0161108s2010 sp g 000 f s  a97884460298231 aStevenson, Robert Louisd1850-189413aEl señor de Ballantraebun cuento de inviernocRobert Louis Stevenson ; traducción y notas Fernando Velasco Garrido a1a. edición a301 páginasc18 cm aBásica de bolsillo : clásicos de la literatura inglesa tThe master of Ballantrae142LEMBaNovela inglesaySiglo XIX142LEMBaLiteratura inglesaySiglo XIX1 aVelasco Garrido, Fernando975658 2loccBKLIT aMadridbAkalc2010 atextobtxt2rdacontent asin mediaciónbn2rdamedia avolumenbnc2rdacarrier aCO-BoRNBPbspaerdacCO-BoRNBP aN STE2 c7342d7342